[Event "First Saturday 2012 aprilis IM"]
[Site "?"]
[Date "2012.04.07"]
[Round "1"]
[White "Eperjesi, Laszlo dr"]
[Black "Lengyel, Bela"]
[Result "1/2-1/2"]
[WhiteElo "2206"]
[BlackElo "2257"]
[PlyCount "27"]
[EventDate "2012.04.07"]

1. d4 d5 2. c4 e6 3. Nc3 Nf6 4. Bg5 Be7 5. e3 Nbd7 6. Nf3 O-O 7. Rc1 c6 8. Bd3
h6 9. Bh4 dxc4 10. Bxc4 b5 11. Bd3 a6 12. O-O c5 13. Qe2 Bb7 14. Rfd1 1/2-1/2

[Event "First Saturday 2012 aprilis IM"]
[Site "?"]
[Date "2012.04.07"]
[Round "1"]
[White "Farago, Sandor"]
[Black "Szalanczy, Emil"]
[Result "0-1"]
[WhiteElo "2296"]
[BlackElo "2249"]
[PlyCount "103"]
[EventDate "2012.04.07"]

1. e4 c5 2. Nf3 d6 3. c3 Nf6 4. Be2 g6 5. e5 dxe5 6. Nxe5 Bg7 7. Bc4 O-O 8. Qb3
e6 9. O-O Nd5 10. d4 cxd4 11. cxd4 Nb6 12. Rd1 Nxc4 13. Nxc4 Nc6 14. Be3 Rb8
15. Nc3 b5 16. Nd2 Na5 17. Qb4 Bb7 18. a4 Nc4 19. Nxc4 bxc4 20. Qxc4 Qh4 21.
Qe2 a5 22. Rd2 Rfd8 23. f4 h5 24. Rad1 Qe7 25. Bf2 Ba8 26. d5 Qb7 27. Bh4 Qb6+
28. Kh1 Rxd5 29. Nxd5 Bxd5 30. Bf2 Qb7 31. Bd4 Bxd4 32. Rxd4 Qxb2 33. R4d2 Qc3
34. Kg1 Rb4 35. Rc2 Qf6 36. g3 Kg7 37. Rc7 Rxa4 38. Qe5 Ra2 39. Rdc1 Rg2+ 40.
Kf1 Qxe5 41. fxe5 Rxh2 42. R1c5 Rd2 43. Rxa5 Rd3 44. Raa7 Rf3+ 45. Kg2 g5 46.
Rd7 Rf5+ 47. Kg1 g4 48. Rac7 Rf3 49. Kg2 Kg6 50. Rc5 Be4 51. Rdc7 Kg5 52. Rd7 {
after 27 move} 0-1

[Event "First Saturday 2012 aprilis IM"]
[Site "?"]
[Date "2012.04.07"]
[Round "1"]
[White "Galyas, Miklos"]
[Black "Szeberenyi, Adam"]
[Result "1/2-1/2"]
[WhiteElo "2445"]
[BlackElo "2305"]
[PlyCount "32"]
[EventDate "2012.04.07"]

1. e4 c5 2. Nf3 d6 3. d4 cxd4 4. Nxd4 Nf6 5. Nc3 a6 6. Be2 e5 7. Nb3 Be7 8. O-O
Be6 9. Be3 Nbd7 10. a4 O-O 11. Qd2 Qc7 12. a5 Nc5 13. Nxc5 dxc5 14. Rfd1 Rfd8
15. Qe1 Rxd1 16. Qxd1 Rd8 1/2-1/2

[Event "First Saturday 2012 aprilis IM"]
[Site "?"]
[Date "2012.04.07"]
[Round "1"]
[White "Kislik, Erik Andrew"]
[Black "Padhya, Saumil"]
[Result "1/2-1/2"]
[WhiteElo "2403"]
[BlackElo "2187"]
[PlyCount "88"]
[EventDate "2012.04.07"]

1. d4 Nf6 2. c4 g6 3. Nc3 d5 4. Nf3 Bg7 5. Qb3 dxc4 6. Qxc4 O-O 7. e4 Nc6 8.
Be2 Bg4 9. d5 Na5 10. Qb4 Bxf3 11. Bxf3 c6 12. O-O Qb6 13. Qa4 Nd7 14. Rd1 Rfd8
15. g3 Rac8 16. Bg4 Ra8 17. Bxd7 Rxd7 18. Bd2 Qa6 19. b3 b5 20. Qb4 cxd5 21.
exd5 Nb7 22. Rac1 Nd6 23. Bf4 Rad8 24. Bxd6 Bxc3 25. Rxc3 Rxd6 26. Rc5 e6 27.
Rxb5 Rxd5 28. Rbxd5 Rxd5 29. Rxd5 exd5 30. Qb8+ Kg7 31. Qe5+ Kg8 32. Qxd5 Qxa2
33. g4 Qe2 34. h3 Qe7 35. Kg2 Kg7 36. Qd4+ Kg8 37. b4 Qb7+ 38. Kg3 Qc7+ 39. Qf4
Qc3+ 40. Kg2 a6 41. h4 Qc6+ 42. Kh2 Qd5 43. Kg3 Qd3+ 44. f3 Qe2 1/2-1/2

[Event "First Saturday 2012 aprilis IM"]
[Site "?"]
[Date "2012.04.08"]
[Round "2"]
[White "Lengyel, Bela"]
[Black "Melkonyan, Vardan"]
[Result "1-0"]
[WhiteElo "2257"]
[BlackElo "2230"]
[PlyCount "55"]
[EventDate "2012.04.07"]

1. e4 d5 2. exd5 Qxd5 3. Nc3 Qa5 4. d4 Nf6 5. Nf3 c6 6. Bc4 Bf5 7. Ne5 e6 8. g4
Bg6 9. h4 Nbd7 10. Nxd7 Kxd7 11. Bd2 Qb6 12. h5 Be4 13. Rh3 Qxd4 14. Be3 Qxd1+
15. Rxd1+ Bd5 16. g5 Ne8 17. Nxd5 exd5 18. Bd3 Kc7 19. Rf3 f6 20. h6 Rd8 21.
Bf4+ Bd6 22. hxg7 Nxg7 23. gxf6 Bxf4 24. fxg7 Rhe8+ 25. Kf1 Be5 26. Rf7+ Rd7
27. Rf8 Rdd8 28. g8=Q 1-0

[Event "First Saturday 2012 aprilis IM"]
[Site "?"]
[Date "2012.04.08"]
[Round "2"]
[White "Padhya, Saumil"]
[Black "Vrhovnik, Damir"]
[Result "1-0"]
[WhiteElo "2187"]
[BlackElo "2124"]
[PlyCount "87"]
[EventDate "2012.04.07"]

1. e4 c5 2. Nf3 d6 3. d4 cxd4 4. Nxd4 Nf6 5. Nc3 g6 6. Be3 Bg7 7. f3 Nc6 8. Qd2
O-O 9. Bc4 Bd7 10. O-O-O Rc8 11. Bb3 Re8 12. h4 h5 13. Kb1 Ne5 14. g4 hxg4 15.
h5 Nxh5 16. Bh6 e6 17. Rdg1 Qf6 18. fxg4 Bxh6 19. Qxh6 Qg7 20. Qe3 Nf6 21. g5
Nh5 22. Ndb5 Qf8 23. Rd1 Bxb5 24. Nxb5 Red8 25. Qxa7 Rc5 26. Qb6 Rc6 27. Qe3
Qe7 28. Nd4 Rc5 29. Rdf1 Kg7 30. Rh3 Nc6 31. Nf3 Rc8 32. Rfh1 Ne5 33. Nd4 b5
34. Qe2 Qxg5 35. Bxe6 Nf4 36. Rh7+ Kf6 37. Rf1 fxe6 38. Qe3 Ned3 39. cxd3 e5
40. Nb3 Qg2 41. Rxf4+ exf4 42. Qxf4+ Rf5 43. Qh4+ Qg5 44. exf5 1-0

[Event "First Saturday 2012 aprilis IM"]
[Site "?"]
[Date "2012.04.08"]
[Round "2"]
[White "Szeberenyi, Adam"]
[Black "Kislik, Erik Andrew"]
[Result "1/2-1/2"]
[WhiteElo "2305"]
[BlackElo "2403"]
[PlyCount "73"]
[EventDate "2012.04.07"]

1. d4 Nf6 2. c4 g6 3. Nc3 d5 4. Nf3 Bg7 5. Bf4 O-O 6. Rc1 dxc4 7. e3 Be6 8. Ng5
Bd5 9. e4 h6 10. exd5 hxg5 11. Bxg5 Nxd5 12. Bxc4 Nb6 13. Bb3 Nc6 14. Ne2 Nxd4
15. Nxd4 Bxd4 16. h4 Qd6 17. Qe2 Qe5 18. Qxe5 Bxe5 19. h5 Kg7 20. f4 Bd6 21.
hxg6 Kxg6 22. Bc2+ f5 23. g4 e6 24. Rh6+ Kg7 25. Rxe6 Rae8 26. Bxf5 Kf7 27.
Rxe8 Rxe8+ 28. Kd2 Nd5 29. Rh1 Nxf4 30. Rf1 Ne6 31. Bc2+ Kg8 32. Bb3 Kh7 33.
Bf6 Bf4+ 34. Kd1 Kg6 35. Bxe6 Rxe6 36. Rxf4 Rxf6 37. Rd4 1/2-1/2

[Event "First Saturday 2012 aprilis IM"]
[Site "?"]
[Date "2012.04.08"]
[Round "2"]
[White "Szalanczy, Emil"]
[Black "Galyas, Miklos"]
[Result "0-1"]
[WhiteElo "2249"]
[BlackElo "2445"]
[PlyCount "60"]
[EventDate "2012.04.07"]

1. e4 e6 2. d4 d5 3. Nc3 Bb4 4. e5 Ne7 5. a3 Bxc3+ 6. bxc3 b6 7. Nh3 Ng6 8. Bd3
Ba6 9. O-O Bxd3 10. cxd3 c5 11. dxc5 bxc5 12. Be3 Nd7 13. f4 Ne7 14. Bf2 Qa5
15. c4 Qa6 16. Ng5 h6 17. Qh5 O-O 18. Nf3 dxc4 19. g4 cxd3 20. Bh4 Ng6 21. Bf6
gxf6 22. Qxh6 d2 23. Rf2 Qd3 24. Rd1 Qe3 25. g5 f5 26. Rdxd2 Nb6 27. Rd6 Rfe8
28. Kg2 Nd5 29. Rd7 Rab8 30. Rxf7 Ndxf4+ 0-1

[Event "First Saturday 2012 aprilis IM"]
[Site "?"]
[Date "2012.04.08"]
[Round "2"]
[White "Eperjesi, Laszlo dr"]
[Black "Farago, Sandor"]
[Result "1/2-1/2"]
[WhiteElo "2206"]
[BlackElo "2296"]
[PlyCount "120"]
[EventDate "2012.04.07"]

1. d4 d5 2. c4 c6 3. Nf3 Nf6 4. e3 a6 5. Qc2 g6 6. Nbd2 Nbd7 7. Be2 Bg7 8. O-O
O-O 9. Rd1 b5 10. b3 Bb7 11. a4 b4 12. a5 e6 13. e4 c5 14. exd5 exd5 15. Bb2
Re8 16. Bf1 Rc8 17. cxd5 cxd4 18. Nc4 Bxd5 19. Bxd4 Qc7 20. Qd2 Qb8 21. Qb2
Bxf3 22. gxf3 Rc6 23. Bh3 Nc5 24. Ne5 Rd6 25. Bxc5 Rxd1+ 26. Rxd1 Rxe5 27. Bd6
Rg5+ 28. Bg2 Qb7 29. Qe2 h5 30. Rd4 Rxa5 31. Rxb4 Ra1+ 32. Bf1 Qd5 33. Rb8+ Kh7
34. Be5 Rb1 35. f4 Ne4 36. Bxg7 Kxg7 37. Qc2 Qd1 38. Qxd1 Rxd1 39. Kg2 a5 40.
Bc4 f5 41. Rb7+ Kf8 42. Rf7+ Ke8 43. Ra7 Rd2 44. Bf7+ Kd8 45. Bxg6 Rxf2+ 46.
Kg1 Rxf4 47. Bxh5 Nc5 48. Rxa5 Nxb3 49. Ra7 Nd4 50. Kg2 Rh4 51. Bf3 f4 52. Ra5
Nc2 53. Be4 Ne3+ 54. Kf3 Ke7 55. Ra7+ Ke6 56. Rh7 Rxh7 57. Bxh7 Ke5 58. h4 Nd5
59. h5 Nf6 60. Bg6 Nxh5 1/2-1/2

[Event "First Saturday 2012 aprilis IM"]
[Site "?"]
[Date "2012.04.09"]
[Round "3"]
[White "Farago, Sandor"]
[Black "Lengyel, Bela"]
[Result "1/2-1/2"]
[WhiteElo "2296"]
[BlackElo "2257"]
[PlyCount "29"]
[EventDate "2012.04.07"]

1. d4 Nf6 2. c4 e6 3. Nf3 b6 4. e3 Bb7 5. Bd3 Bb4+ 6. Bd2 Bxd2+ 7. Nbxd2 d6 8.
O-O Nbd7 9. e4 e5 10. Qc2 O-O 11. d5 c6 12. Rac1 cxd5 13. cxd5 Rc8 14. Qa4 a6
15. b4 1/2-1/2

[Event "First Saturday 2012 aprilis IM"]
[Site "?"]
[Date "2012.04.09"]
[Round "3"]
[White "Galyas, Miklos"]
[Black "Eperjesi, Laszlo dr"]
[Result "1-0"]
[WhiteElo "2445"]
[BlackElo "2206"]
[PlyCount "29"]
[EventDate "2012.04.07"]

1. d4 Nf6 2. Nf3 e6 3. e3 b6 4. Bd3 Bb7 5. O-O c5 6. c4 Be7 7. Nc3 cxd4 8. exd4
d5 9. cxd5 Nxd5 10. Ne5 O-O 11. Qh5 f5 12. Qe2 Nb4 13. Bc4 Nd5 14. Nc6 Rf6 15.
Bxd5 1-0

[Event "First Saturday 2012 aprilis IM"]
[Site "?"]
[Date "2012.04.09"]
[Round "3"]
[White "Kislik, Erik Andrew"]
[Black "Szalanczy, Emil"]
[Result "0-1"]
[WhiteElo "2403"]
[BlackElo "2249"]
[PlyCount "76"]
[EventDate "2012.04.07"]

1. e4 c5 2. Nf3 d6 3. d4 cxd4 4. Nxd4 Nf6 5. Nc3 g6 6. Be3 Bg7 7. f3 Nc6 8. Qd2
O-O 9. O-O-O a5 10. Kb1 a4 11. a3 Bd7 12. Qf2 Ne5 13. Ndb5 Qc8 14. Rd4 Be6 15.
Rb4 d5 16. Nxa4 Rxa4 17. Rxa4 dxe4 18. fxe4 Qc6 19. Rb4 Nxe4 20. Qf4 Qd5 21.
Rxe4 Qa2+ 22. Kc1 Qa1+ 23. Kd2 Nc6 24. Bb6 Bf5 25. Re1 Qxb2 26. Qc4 Ne5 27. Qb3
Bh6+ 28. Ke2 Bd3+ 29. Kf2 Ng4+ 30. Kg1 Qf6 31. Bd4 e5 32. Qxd3 exd4 33. Qxd4
Be3+ 34. Qxe3 Nxe3 35. Rxe3 Qb6 36. h3 Qxe3+ 37. Kh2 Rd8 38. Bd3 Rxd3 0-1

[Event "First Saturday 2012 aprilis IM"]
[Site "?"]
[Date "2012.04.09"]
[Round "3"]
[White "Vrhovnik, Damir"]
[Black "Szeberenyi, Adam"]
[Result "1/2-1/2"]
[WhiteElo "2124"]
[BlackElo "2305"]
[PlyCount "73"]
[EventDate "2012.04.07"]

1. Nf3 c5 2. c4 Nc6 3. d4 cxd4 4. Nxd4 Nf6 5. Nc3 e6 6. a3 a6 7. e4 Qc7 8. Be3
Be7 9. Be2 O-O 10. Rc1 Nxd4 11. Qxd4 d6 12. O-O Nd7 13. b4 b6 14. Qd2 Bb7 15.
Bg5 Bxg5 16. Qxg5 Rac8 17. Rfd1 Rfe8 18. Qe3 Red8 19. Rd4 Nf8 20. Rdd1 Qc6 21.
Bf3 Qc7 22. h4 Ng6 23. h5 Ne5 24. Be2 h6 25. Na4 Nd7 26. Qd4 Qc6 27. Nc3 Nf6
28. Qe3 Nxe4 29. Bf3 f5 30. Re1 Re8 31. Nxe4 fxe4 32. Bxe4 Qxe4 33. Qxe4 Bxe4
34. Rxe4 b5 35. c5 dxc5 36. bxc5 Rc6 37. a4 1/2-1/2

[Event "First Saturday 2012 aprilis IM"]
[Site "?"]
[Date "2012.04.09"]
[Round "3"]
[White "Melkonyan, Vardan"]
[Black "Padhya, Saumil"]
[Result "1/2-1/2"]
[WhiteElo "2230"]
[BlackElo "2187"]
[PlyCount "138"]
[EventDate "2012.04.07"]

1. d4 Nf6 2. Nf3 g6 3. Bf4 Bg7 4. c3 O-O 5. Nbd2 Nh5 6. Be5 Nf6 7. h3 d6 8. Bh2
c5 9. dxc5 dxc5 10. e4 Nc6 11. Qc2 h6 12. Rd1 Be6 13. Be2 Qc8 14. O-O Rd8 15.
Nc4 Rxd1 16. Rxd1 Qe8 17. Nfe5 Nxe5 18. Nxe5 Rd8 19. f3 Rxd1+ 20. Qxd1 Nd7 21.
Qa4 a6 22. Nd3 Qc8 23. Nf4 b5 24. Qa5 Nf8 25. a4 c4 26. axb5 Qc5+ 27. Kf1 axb5
28. Qd8 b4 29. Bg1 Qb5 30. Nxe6 fxe6 31. Bd4 bxc3 32. Bxg7 Kxg7 33. Qxe7+ Kg8
34. bxc3 Qb1+ 35. Kf2 Qb6+ 36. Kg3 Qb8+ 37. Kf2 Qb6+ 38. Ke1 Qg1+ 39. Kd2 Qxg2
40. h4 Qh2 41. Qf6 Qd6+ 42. Ke3 Qc5+ 43. Qd4 Qh5 44. e5 g5 45. hxg5 Qxg5+ 46.
Qf4 Ng6 47. Qxg5 hxg5 48. Bxc4 Kf7 49. Kd4 Ke7 50. Bd3 Nf4 51. Be4 Kd7 52. c4
Kc7 53. c5 Ne2+ 54. Kd3 Ng3 55. Bg6 Kc6 56. Kc4 Nf1 57. Be8+ Kc7 58. Kd3 Ng3
59. Ke3 Nf5+ 60. Kf2 Ng7 61. Bb5 Nh5 62. Ke3 Nf4 63. Be8 Kb7 64. Bb5 Kc7 65.
Kd4 Kb7 66. Bd3 Kc6 67. Be4+ Kb5 68. Bh7 Ne2+ 69. Ke3 Nf4 1/2-1/2

[Event "First Saturday 2012 aprilis IM"]
[Site "?"]
[Date "2012.04.10"]
[Round "4"]
[White "Lengyel, Bela"]
[Black "Padhya, Saumil"]
[Result "0-1"]
[WhiteElo "2257"]
[BlackElo "2187"]
[PlyCount "62"]
[EventDate "2012.04.07"]

1. e4 c5 2. Nf3 d6 3. d4 cxd4 4. Nxd4 Nf6 5. Nc3 a6 6. Be2 e5 7. Nb3 Be7 8. O-O
O-O 9. Be3 Be6 10. a4 Nbd7 11. a5 Rc8 12. Qd2 Qc7 13. Rfc1 Qc6 14. Bf3 Rfe8 15.
Ra4 Nc5 16. Nxc5 dxc5 17. Qe2 h6 18. g3 c4 19. Rca1 Bc5 20. Bxc5 Qxc5 21. Rd1
Red8 22. Rxd8+ Rxd8 23. Kf1 Rd4 24. Ke1 Bd7 25. Ra2 Bc6 26. h4 h5 27. Bg2 g6
28. f3 Rd6 29. Kf1 Bd7 30. Qe1 Kg7 31. Ra1 Qb4 {time} 0-1

[Event "First Saturday 2012 aprilis IM"]
[Site "?"]
[Date "2012.04.10"]
[Round "4"]
[White "Szalanczy, Emil"]
[Black "Vrhovnik, Damir"]
[Result "1-0"]
[WhiteElo "2249"]
[BlackElo "2124"]
[PlyCount "80"]
[EventDate "2012.04.07"]

1. e4 c5 2. Nf3 d6 3. d4 cxd4 4. Nxd4 Nf6 5. Nc3 g6 6. Be3 Bg7 7. f3 Nc6 8. Bc4
O-O 9. Qd2 Bd7 10. h4 Ne5 11. Bb3 h5 12. Bh6 Bxh6 13. Qxh6 Rc8 14. O-O-O Rxc3
15. bxc3 Qa5 16. Kb2 Rc8 17. Qd2 Qb6 18. Ka1 Qc5 19. Rhe1 a5 20. f4 Neg4 21. f5
a4 22. Bd5 Nxd5 23. exd5 Ne5 24. fxg6 fxg6 25. Nf3 Bg4 26. Nxe5 dxe5 27. Rb1
Qc7 28. Rb4 a3 29. Rb3 Rd8 30. Rxa3 Qc5 31. Rb3 Rxd5 32. Qe3 Qc8 33. Kb2 Bf5
34. Re2 Qd7 35. Qa7 Rd2 36. Qe3 Rd5 37. c4 Rd4 38. Qxe5 Rxc4 39. Kc1 Kf7 40. g3
Rc6 1-0

[Event "First Saturday 2012 aprilis IM"]
[Site "?"]
[Date "2012.04.10"]
[Round "4"]
[White "Eperjesi, Laszlo dr"]
[Black "Kislik, Erik Andrew"]
[Result "1/2-1/2"]
[WhiteElo "2206"]
[BlackElo "2403"]
[PlyCount "34"]
[EventDate "2012.04.07"]

1. d4 Nf6 2. Nf3 g6 3. Bg5 Bg7 4. Nbd2 d5 5. e3 Nbd7 6. c3 O-O 7. Be2 c5 8. h3
Re8 9. O-O e5 10. Nxe5 Nxe5 11. dxe5 Rxe5 12. Nf3 Re8 13. Qa4 h6 14. Bh4 Bf5
15. Rfd1 Qb6 16. Qb5 Qe6 17. Bxf6 Bxf6 1/2-1/2

[Event "First Saturday 2012 aprilis IM"]
[Site "?"]
[Date "2012.04.10"]
[Round "4"]
[White "Farago, Sandor"]
[Black "Galyas, Miklos"]
[Result "1/2-1/2"]
[WhiteElo "2296"]
[BlackElo "2445"]
[PlyCount "52"]
[EventDate "2012.04.07"]

1. e4 e6 2. d4 d5 3. Nc3 Bb4 4. e5 c5 5. a3 Bxc3+ 6. bxc3 Qa5 7. Qd2 Ne7 8. a4
Nbc6 9. Nf3 f6 10. exf6 gxf6 11. Ba3 cxd4 12. cxd4 Qxd2+ 13. Kxd2 Bd7 14. Bb5
Na5 15. Rhe1 Bxb5 16. axb5 Nc4+ 17. Kd3 Kd7 18. Nd2 Nxd2 19. Bxe7 Ne4 20. f3
Nf2+ 21. Ke2 Kxe7 22. Kxf2 Kd6 23. Ke3 Rhc8 24. Kd3 a5 25. bxa6 Rxa6 26. Reb1
Rac6 1/2-1/2

[Event "First Saturday 2012 aprilis IM"]
[Site "?"]
[Date "2012.04.11"]
[Round "5"]
[White "Galyas, Miklos"]
[Black "Lengyel, Bela"]
[Result "1-0"]
[WhiteElo "2445"]
[BlackElo "2257"]
[PlyCount "127"]
[EventDate "2012.04.07"]

1. c4 e5 2. Nc3 Nf6 3. Nf3 Nc6 4. e4 Bb4 5. d3 d6 6. g3 Bc5 7. Bg2 a5 8. h3 Be6
9. O-O Nd4 10. Nxd4 Bxd4 11. Ne2 Ba7 12. b3 O-O 13. d4 exd4 14. Nxd4 Bd7 15.
Bb2 Re8 16. Qc2 Bxd4 17. Bxd4 Bc6 18. Rfe1 Nd7 19. Rad1 Qg5 20. Kh2 f6 21. f3
Re7 22. Qf2 Qg6 23. c5 dxc5 24. Bxc5 Nxc5 25. Qxc5 Qe8 26. Rd2 Rd7 27. Red1
Rxd2 28. Rxd2 Qf8 29. Qc4+ Qf7 30. Qd4 Qe7 31. h4 Qb4 32. Qd3 Re8 33. Bh3 Kf8
34. Qe3 Qe7 35. h5 Qe5 36. h6 g6 37. Bd7 Bxd7 38. Rxd7 Re7 39. Qd2 b6 40. Rd5
Qe6 41. Kg2 Kf7 42. g4 Qc6 43. g5 fxg5 44. Qxg5 Ke8 45. Qd2 Rd7 46. Qb2 Rxd5
47. exd5 Qxd5 48. Qh8+ Kf7 49. Qxh7+ Kf6 50. Qg7+ Kg5 51. h7 Qd2+ 52. Kh3 Qe3
53. Qf7 Qd4 54. Qc4 Qh8 55. Qh4+ Kf5 56. Qg4+ Ke5 57. Qxg6 Kf4 58. Qg8 Qa1 59.
Qf8+ Ke3 60. h8=Q Qh1+ 61. Kg4 Qg2+ 62. Kh5 Qh3+ 63. Kg6 Qg4+ 64. fxg4 1-0

[Event "First Saturday 2012 aprilis IM"]
[Site "?"]
[Date "2012.04.11"]
[Round "5"]
[White "Melkonyan, Vardan"]
[Black "Szalanczy, Emil"]
[Result "1/2-1/2"]
[WhiteElo "2230"]
[BlackElo "2249"]
[PlyCount "94"]
[EventDate "2012.04.07"]

1. d4 c5 2. c3 Nf6 3. Nf3 e6 4. Bf4 Nc6 5. e3 d5 6. Nbd2 Bd6 7. Bg3 Qe7 8. Bb5
Bd7 9. O-O Bxg3 10. hxg3 O-O 11. Re1 Nxd4 12. cxd4 Bxb5 13. Qb3 Bc6 14. Qa3 Ne4
15. Rec1 Qf6 16. dxc5 Nxd2 17. Nxd2 d4 18. exd4 Qxd4 19. Nf3 Qf6 20. Qc3 Rfd8
21. Ne5 a5 22. Rd1 Rd5 23. Rxd5 Bxd5 24. b3 h5 25. Qd4 Qg5 26. Nc4 Bxc4 27.
Qxc4 Rd8 28. Qc3 Qf6 29. Qxf6 gxf6 30. Rc1 Rd2 31. a4 Rb2 32. c6 bxc6 33. Rxc6
Rxb3 34. Rc5 f5 35. Rxa5 Rb1+ 36. Kh2 Ra1 37. f3 Kg7 38. Ra8 Kf6 39. a5 Kg7 40.
a6 Kf6 41. f4 Kg7 42. Ra7 Kg6 43. Ra8 Kg7 44. Ra7 Kg6 45. Ra8 Kg7 46. Ra7 Kg6
47. Ra8 Kg7 1/2-1/2

[Event "First Saturday 2012 aprilis IM"]
[Site "?"]
[Date "2012.04.12"]
[Round "6"]
[White "Lengyel, Bela"]
[Black "Szeberenyi, Adam"]
[Result "1/2-1/2"]
[WhiteElo "2257"]
[BlackElo "2305"]
[PlyCount "58"]
[EventDate "2012.04.07"]

1. e4 c5 2. Nf3 d6 3. d4 cxd4 4. Nxd4 Nf6 5. Nc3 a6 6. Be2 e5 7. Nb3 Be7 8. O-O
O-O 9. Be3 Be6 10. a4 Nbd7 11. a5 Rc8 12. Qd2 Qc7 13. Rfc1 Qc6 14. Bf3 Rfe8 15.
Ra4 Nc5 16. Nxc5 dxc5 17. Raa1 Red8 18. Qe1 Ng4 19. Bxg4 Bxg4 20. f3 Be6 21.
Na4 c4 22. Nb6 Rb8 23. c3 f6 24. Rd1 Kf7 25. Qf2 Rxd1+ 26. Rxd1 Rd8 27. Rxd8
Bxd8 28. Qd2 Bxb6 29. Bxb6 Qd7 1/2-1/2

[Event "First Saturday 2012 aprilis IM"]
[Site "?"]
[Date "2012.04.12"]
[Round "6"]
[White "Szalanczy, Emil"]
[Black "Padhya, Saumil"]
[Result "0-1"]
[WhiteElo "2249"]
[BlackElo "2187"]
[PlyCount "152"]
[EventDate "2012.04.07"]

1. e4 c5 2. Nf3 d6 3. d4 cxd4 4. Nxd4 Nf6 5. Nc3 a6 6. Be3 e5 7. Nde2 Be6 8. f4
Qc7 9. f5 Bc4 10. Bg5 Nbd7 11. Ng3 Rc8 12. Nh5 Nxh5 13. Qxh5 d5 14. Bd3 dxe4
15. Bxe4 Bb4 16. Qf3 Nc5 17. Bd2 Nxe4 18. Qxe4 O-O 19. a3 Bxc3 20. Bxc3 Rfd8
21. Kf2 Qc5+ 22. Qe3 Qxe3+ 23. Kxe3 Bd5 24. Rhd1 f6 25. Rd2 Bc6 26. Rad1 Rxd2
27. Rxd2 Kf7 28. Ba5 g6 29. fxg6+ hxg6 30. Bd8 f5 31. g3 Ke6 32. h4 Be4 33. c3
Bd5 34. Bg5 Rc4 35. Kf2 b5 36. Re2 a5 37. Bd8 a4 38. Bg5 Be4 39. Rd2 Bd5 40.
Re2 Rc6 41. Rd2 Rc8 42. Ke3 Rf8 43. Rh2 Rh8 44. Rd2 Rh7 45. Rh2 Kd6 46. Rd2 Rf7
47. Rd1 Kc5 48. Rd2 Kc4 49. Rd1 Rf8 50. Rd2 Re8 51. Rd1 Re6 52. Rd2 Bc6 53. Kf2
Be4 54. Ke3 Kb3 55. g4 Bc2 56. h5 f4+ 57. Kf2 gxh5 58. gxh5 Kxb2 59. Rd5 Kxc3
60. Rxb5 Kd4 61. Rb7 Be4 62. Rd7+ Kc4 63. h6 Rb6 64. Rc7+ Kd3 65. Rd7+ Kc4 66.
Rc7+ Kd5 67. Rd7+ Ke6 68. Re7+ Kf5 69. h7 Rb2+ 70. Ke1 Rh2 71. Rg7 Rh1+ 72. Kd2
Rh2+ 73. Kc3 f3 74. Be3 Kf6 75. Ra7 Rxh7 76. Ra6+ Kf5 {after 16 move} 0-1

[Event "First Saturday 2012 aprilis IM"]
[Site "?"]
[Date "2012.04.12"]
[Round "6"]
[White "Eperjesi, Laszlo dr"]
[Black "Melkonyan, Vardan"]
[Result "1/2-1/2"]
[WhiteElo "2206"]
[BlackElo "2230"]
[PlyCount "78"]
[EventDate "2012.04.07"]

1. d4 d5 2. c4 Bf5 3. Nc3 e6 4. e3 c6 5. Nf3 Nd7 6. Be2 h6 7. O-O Ngf6 8. b3
Bb4 9. Bb2 O-O 10. a3 Be7 11. b4 a6 12. c5 Qc7 13. Na4 Ne4 14. Ne5 Nef6 15. f4
Nxe5 16. dxe5 Ne4 17. g4 Bh7 18. f5 f6 19. Nb6 Rae8 20. fxe6 fxe5 21. Rf7 Nf6
22. g5 hxg5 23. Bh5 g6 24. Rxf8+ Bxf8 25. Bg4 Bg7 26. Nd7 Nxd7 27. exd7 Re7 28.
e4 d4 29. Qb3+ Kh8 30. Rf1 Rxd7 31. Bxd7 Qxd7 32. Qg3 g4 33. Bc1 g5 34. Bxg5
Bxe4 35. Bf6 Bf3 36. Qxe5 d3 37. Bxg7+ Qxg7 38. Qe8+ Kh7 39. Qh5+ Kg8 1/2-1/2

[Event "First Saturday 2012 aprilis IM"]
[Site "?"]
[Date "2012.04.12"]
[Round "6"]
[White "Farago, Sandor"]
[Black "Vrhovnik, Damir"]
[Result "1/2-1/2"]
[WhiteElo "2296"]
[BlackElo "2124"]
[PlyCount "84"]
[EventDate "2012.04.07"]

1. d4 Nf6 2. c4 c5 3. d5 e6 4. Nc3 exd5 5. cxd5 d6 6. e4 g6 7. Nf3 Bg4 8. Be2
Bxf3 9. Bxf3 a6 10. a4 Nbd7 11. Bf4 Qc7 12. O-O Bg7 13. Be2 O-O 14. Qc2 Rfe8
15. Bg3 Rab8 16. f4 h5 17. Rae1 c4 18. Bf3 b5 19. axb5 axb5 20. Kh1 b4 21. Nd1
Nh7 22. e5 dxe5 23. f5 Nhf8 24. fxg6 fxg6 25. Ne3 c3 26. d6 Qxd6 27. Bd5+ Kh8
28. bxc3 Nf6 29. Bf7 b3 30. Bxb3 Qa3 31. Bf7 Re7 32. Nc4 Qb3 33. Qxb3 Rxb3 34.
Nxe5 Rxc3 35. Nxg6+ Nxg6 36. Bxg6 Rxe1 37. Rxe1 Rc5 38. Bh4 Ng4 39. h3 Bc3 40.
Re8+ Kg7 41. hxg4 Kxg6 42. Bf2 Rc7 {after 32 move} 1/2-1/2

[Event "First Saturday 2012 aprilis IM"]
[Site "?"]
[Date "2012.04.13"]
[Round "7"]
[White "Vrhovnik, Damir"]
[Black "Galyas, Miklos"]
[Result "1/2-1/2"]
[WhiteElo "2124"]
[BlackElo "2445"]
[PlyCount "36"]
[EventDate "2012.04.07"]

1. Nf3 Nf6 2. c4 g6 3. b4 Bg7 4. Bb2 O-O 5. e3 c6 6. d3 d5 7. Nbd2 a5 8. a3
axb4 9. axb4 Rxa1 10. Qxa1 Na6 11. Qa4 Bf5 12. c5 Nc7 13. Be2 Bg4 14. O-O Nd7
15. Bxg7 Kxg7 16. h3 Bxf3 17. Nxf3 e6 18. d4 Qa8 1/2-1/2

[Event "First Saturday 2012 aprilis IM"]
[Site "?"]
[Date "2012.04.13"]
[Round "7"]
[White "Padhya, Saumil"]
[Black "Eperjesi, Laszlo dr"]
[Result "1/2-1/2"]
[WhiteElo "2187"]
[BlackElo "2206"]
[PlyCount "63"]
[EventDate "2012.04.07"]

1. e4 c6 2. d4 d5 3. Nc3 dxe4 4. Nxe4 Nf6 5. Nxf6+ gxf6 6. c3 Bf5 7. Nf3 Nd7 8.
g3 Qa5 9. Nh4 Be4 10. f3 Bg6 11. Be2 e6 12. O-O Bg7 13. Be3 O-O 14. Qb3 Qb6 15.
Nxg6 hxg6 16. Qc2 f5 17. Bf2 Qc7 18. Rad1 g5 19. a4 Rfd8 20. Rfe1 Nf6 21. c4
Rd7 22. Rd3 Re8 23. Be3 e5 24. dxe5 Qxe5 25. Bf2 Rde7 26. Bf1 Qc7 27. Rxe7 Rxe7
28. Bc5 Re6 29. Qd2 b5 30. b3 bxa4 31. bxa4 Re8 32. Kg2 1/2-1/2

[Event "First Saturday 2012 aprilis IM"]
[Site "?"]
[Date "2012.04.13"]
[Round "7"]
[White "Szeberenyi, Adam"]
[Black "Szalanczy, Emil"]
[Result "1-0"]
[WhiteElo "2305"]
[BlackElo "2249"]
[PlyCount "67"]
[EventDate "2012.04.07"]

1. Nf3 c5 2. c4 Nc6 3. Nc3 g6 4. g3 Bg7 5. Bg2 Nf6 6. O-O O-O 7. d4 cxd4 8.
Nxd4 Ng4 9. e3 d6 10. b3 Nxd4 11. exd4 Nh6 12. Bd2 Nf5 13. d5 Bd7 14. Rc1 Re8
15. Ne4 a5 16. a4 h6 17. Bc3 Qb6 18. Bxg7 Nxg7 19. Re1 Bf5 20. Nc3 Rad8 21. Nb5
Bd7 22. Rc3 Bxb5 23. axb5 e5 24. dxe6 Rxe6 25. Bd5 Rxe1+ 26. Qxe1 Re8 27. Qd2
Nf5 28. Rf3 Re7 29. Rxf5 gxf5 30. Qxh6 Qd4 31. Qxd6 Re1+ 32. Kg2 Qd1 33. Qg6+
Kh8 34. Qxf5 1-0

[Event "First Saturday 2012 aprilis IM"]
[Site "?"]
[Date "2012.04.14"]
[Round "8"]
[White "Lengyel, Bela"]
[Black "Szalanczy, Emil"]
[Result "1/2-1/2"]
[WhiteElo "2257"]
[BlackElo "2249"]
[PlyCount "38"]
[EventDate "2012.04.07"]

1. e4 c5 2. Nf3 d6 3. d4 cxd4 4. Nxd4 Nf6 5. Nc3 g6 6. Be2 Nc6 7. Nb3 Bg7 8.
O-O O-O 9. Be3 Be6 10. f4 Rc8 11. Kh1 Na5 12. f5 Bd7 13. Nxa5 Qxa5 14. Bd3 Bc6
15. Qd2 Kh8 16. Bh6 Qe5 17. Bf4 Qc5 18. Be3 Qa5 19. Bh6 Qe5 1/2-1/2

[Event "First Saturday 2012 aprilis IM"]
[Site "?"]
[Date "2012.04.14"]
[Round "8"]
[White "Eperjesi, Laszlo dr"]
[Black "Szeberenyi, Adam"]
[Result "1/2-1/2"]
[WhiteElo "2206"]
[BlackElo "2305"]
[PlyCount "27"]
[EventDate "2012.04.07"]

1. d4 Nf6 2. c4 g6 3. Nc3 d5 4. e3 Bg7 5. Qb3 dxc4 6. Bxc4 O-O 7. Nf3 a6 8. O-O
b5 9. Be2 c5 10. dxc5 Nc6 11. Rd1 Qc7 12. e4 h6 13. a3 Bb7 14. h3 1/2-1/2